| 000 | 00978nam a22002297a 4500 | ||
|---|---|---|---|
| 005 | 2010082108438.0 | ||
| 008 | 100412t xxu||||| |||| 00| 0 ur d | ||
| 010 | _aUR-7821 | ||
| 020 | _c100.00 | ||
| 035 | _aU-6376 | ||
| 040 |
_adpl _bur |
||
| 082 | _a841 | ||
| 100 |
_915656 _aمحّمد شرف الدین ساحل |
||
| 245 |
_aآئنئہ حسن یقین / _cمحّمد شرف الدین ساحل |
||
| 246 |
_aAaine-e-Husn-e-Yaqeen / _bby M.Sharfuddin Sahil |
||
| 260 |
_aناگپور _bعلیم پرنٹرس _c2008 |
||
| 270 |
_aAlim Printers, Momin Pura _bNaagpur _e440018 |
||
| 300 |
_aص 176 _b22 س م (Hb) |
||
| 942 |
_2ddc _cUR _h841 _mم ح م |
||
| 999 |
_c42835 _d42835 |
||